Apuntes sobre Correos : (Record no. 162173)

MARC details
000 -LEADER
campo de control de longitud fija 01069nam a22002295i 4500
001 - NÚMERO DE CONTROL
campo de control 162173
003 - IDENTIFICADOR DE NÚMERO DE CONTROL
campo de control ES-MaACL
005 - FECHA Y HORA DE LA ÚLTIMA TRANSACCIÓN
campo de control 20250718063334.0
008 - DATOS DE LONGITUD FIJA--INFORMACIÓN GENERAL
campo de control de longitud fija 041119s1886 sp |||| | spa d
040 ## - FUENTE DE CATALOGACIÓN
Centro catalogador/agencia de origen CAM
Lengua de catalogación spa
Centro/agencia transcriptor CAM
100 1# - ENTRADA PRINCIPAL--NOMBRE DE PERSONA
Nombre de persona Pinedo, Carlos
Término indicativo de función/relación Autor
9 (RLIN) 131168
245 10 - MENCIÓN DEL TÍTULO
Título Apuntes sobre Correos :
Resto del título precedidos del Santoral para el año de 1887 de gran utilidad para todas las clases de la sociedad : disposiciones vigentes sobre el Montepío creado el año de 1785 a favor de las viudas y huérfanos de los empleados de Correos y Obras Públicas /
Mención de responsabilidad, etc. por Carlos Pinedo y José Primo de Rivera.
260 ## - PUBLICACIÓN, DISTRIBUCIÓN, ETC.
Lugar de publicación, distribución, etc. Madrid :
Nombre del editor, distribuidor, etc. [s.n.],
Fecha de publicación, distribución, etc. 1886
Fabricante (Imp. de Moreno y Rojas)
300 ## - DESCRIPCIÓN FÍSICA
Extensión 120 páginas ;
Dimensiones 17 cm.
500 ## - NOTA GENERAL
Nota general En portada: Año primero
650 #7 - PUNTO DE ACCESO ADICIONAL DE MATERIA--TÉRMINO DE MATERIA
Término de materia o nombre geográfico como elemento de entrada Correos-
Subdivisión geográfica España-
Subdivisión cronológica S.XIX
9 (RLIN) 167498
700 1# - ENTRADA AGREGADA--NOMBRE PERSONAL
Nombre de persona Primo de Rivera, José.
Término indicativo de función/relación Autor
9 (RLIN) 131373
852 ## - LOCALIZACIÓN
Ubicación ES-MaACL
Ubicación en estantería Depósito folletos
Partes que faltan Ejemplar falto de cub. original
Número de control de estantería T-481-F-3
Encuadernación Enc. en un vol. facticio
-- Holandesa
942 ## - ELEMENTOS DE ENTRADA SECUNDARIOS (KOHA)
Fuente del sistema de clasificación o colocación Clasificación decimal universal
Tipo de ítem Koha Folleto
Suprimir en OPAC No
Holdings
Estatus retirado Estado de pérdida Estado de daño No para préstamo Colección Biblioteca de origen Biblioteca actual Ubicación en estantería Fecha de adquisición Total de préstamos Signatura topográfica completa Código de barras Visto por última vez Precio de reemplazo Tipo de ítem Koha
        Colección de folletos Biblioteca del Ateneo de Madrid Biblioteca del Ateneo de Madrid Depósito folletos 17/01/2008   T-481-F-3 1169894 23/02/2023 23/02/2023 Folleto